| 000 | 00000nam##2200000za#4500 |
| 001 | 9.580211 |
| 003 | CaOODSP |
| 005 | 20210624190929 |
| 007 | cr ||||||||||| |
| 008 | 150406|2009||||xxc|||||o f|0| 0 eng|d |
| 022 | |a1488-5387 |
| 040 | |aCaOODSP|beng |
| 043 | |an-cn--- |
| 086 | 1 |aFs97-4/2901E-PDF |
| 110 | 1 |aCanada. |bDepartment of Fisheries and Oceans. |
| 245 | 10|aHecate Strait groundfish bottom trawl survey, May 26th to June 21st, 2009 / |h[electronic resource]|cby N. Olsen ...[et al.] |
| 260 | |aNanaimo - British Columbia : |bFisheries and Oceans Canada |c2009. |
| 300 | |a57p.|bfigs., illus., references, tables |
| 490 | 1 |aCanadian manuscript report of fisheries and aquatic sciences|x1488-5387|vNo. 2901 |
| 500 | |aFile reproduced from original print. On t. p.: Pacific Biological Station, Nanaimo, British Columbia. The catalogue number (though incorrect) and ISSN for the print edition appear in the PDF version. |
| 546 | |a(Résumés en français) |
| 590 | |a14-14-Supp|b2014-07-24 |
| 720 | 1 |aOlsen, N. |
| 776 | 0#|tHecate Strait groundfish bottom trawl survey, May 26th to June 21st, 2009 / |w(CaOODSP)9.619647 |
| 830 | #0|aCanadian manuscript report of fisheries and aquatic sciences,|x1488-5387|vNo. 2901|w(CaOODSP)9.505211 |
| 856 | 40|ahttp://publications.gc.ca|qPDF|s1120 KB|uhttps://publications.gc.ca/collections/collection_2014/mpo-dfo/Fs97-4-2901-eng.pdf|yNo. 2901 |